| 000 | 00552nam a2200181Ia 4500 | ||
|---|---|---|---|
| 008 | 151018s9999 xx 000 0 und d | ||
| 082 |
_bRBASDV41822 _a891.461 |
||
| 100 | _aमंगेश पाडगांवकर | ||
| 245 | _aमुखवटे | ||
| 250 | _b1 | ||
| 260 |
_bपुणे प्रकाशन _c2006 |
||
| 300 | _a79 | ||
| 600 | _aमंगेश पाडगांवकर | ||
| 630 | _aमुखवटे | ||
| 700 | _aमंगेश पाडगांवकर | ||
| 730 | _aमुखवटे | ||
| 942 | _cBOOK | ||
| 999 |
_c1041053 _d1041050 |
||